banner-ar

جامع العلوم والحكم فى شرح خمسين حديث من جوامع الكلم / (Record no. 55582)

MARC details
000 -الفاتح
حقل البيانات ثابتة الطول 00460nam a2200133Ia 4500
008 - عناصر البيانات ثابتة الطول - معلومات عامة
حقل البيانات ثابتة الطول 140319s9999 xx 000 0 ara d
040 ## - مصدر الفهرسة
وكالة الفهرسة الأصلية GCL /
وكالة النسخ GCL
082 04 - رقم تصنيف ديوى العشرى
رقم التصنيف 230
رقم المادة ز ج
100 1# - المدخل الرئيسى - إسم شخصى
الإسم الشخصى زين العابدين ابن الفرج
245 10 - بيان العنوان
العنوان جامع العلوم والحكم فى شرح خمسين حديث من جوامع الكلم /
بيان المسئوليه,etc زين العابدين ابن الفرج
490 ## - بيان السلسلة
عنوان السلسلة
260 ## - PUBLICATION, DISTRIBUTION, ETC. (IMPRINT)
-- [S.N] :
-- مكتبة الدعوة
Holdings
حالة التراجع حالة الفقد حالة تلف ليس للاعارة المكان المؤقت الموقع الحالى تاريخ الاكتساب اجمالي اﻻعارات رقم الطلب الباركود تاريخ اخر مشاهدة تاريخ تفعيل السعر نوع وعاء كوها
        مكتبة القاهرة الكبرى مكتبة القاهرة الكبرى 03/26/2014   230\ز ج 133478 03/26/2014 03/26/2014 كتاب

Powered By

EGPV